The cinema of Satyajit Ray : between tradition and modernity
Αποθηκεύτηκε σε:
| Κύριος συγγραφέας: | |
|---|---|
| Μορφή: | Βιβλίο |
| Γλώσσα: | English |
| Δημοσίευση: |
Cambridge :
Cambridge University Press,
c2000
|
| Σειρά: | Cambridge studies in film
|
| Θέματα: | |
| Ετικέτες: |
Προσθήκη ετικέτας
Δεν υπάρχουν, Καταχωρήστε ετικέτα πρώτοι!
|
MARC
| LEADER | 00000cam a2200000 i 4500 | ||
|---|---|---|---|
| 001 | 1/16537 | ||
| 008 | 111116s2000 eng d | ||
| 020 | |a 0-521-62026-0 | ||
| 035 | |l 10111388 | ||
| 040 | |a GR-MY-UA |b gre |e aacr | ||
| 041 | 0 | |a eng | |
| 082 | 0 | |a 791.430233 |2 (22) | |
| 100 | 1 | |a Cooper, Darius, |d 1949- | |
| 245 | 1 | 4 | |a The cinema of Satyajit Ray : |b between tradition and modernity / |c Darius Cooper |
| 260 | |a Cambridge : |b Cambridge University Press, |c c2000 | ||
| 300 | |a 260 σ.; |b εικ.; |c 24 εκ. | ||
| 490 | 1 | |a Cambridge studies in film | |
| 504 | |a Περιλαμβάνει βιβλιγοραφία και ευρετήριο | ||
| 600 | 1 | 0 | |a Ray, Satyajit, |d 1921-1992 |x Critisism and interpretation. |
| 650 | 0 | 0 | |a Film criticism. |
| 650 | 0 | 0 | |a Motion pictures |x Aesthetics. |
| 830 | 0 | |a Cambridge studies in film | |
| 852 | |a INST |b LESVOS |e 20111116 |h 791.430233 COO |p 005100051000 |q 005100051000 |t BK |y 0 | ||
| 901 | |a BIBL1-2011-3 | ||
| 909 | |a Λ |b 173127 | ||
| 970 | |a ΤΖΑΦΕΡΗ |b ΕΥΑΓΓΕΛΙΑ |z 2011/11/16 | ||